000 00612nam a2200205Ia 4500
005 20250508164634.0
008 008 250505s9999 xx 000 0 eng d
037 _aTextual
040 _aFEDL
_beng
_cFEDL
041 _aeng
_2eng
084 _a371.97, SKU
_qFEDL
100 _aSkutnabb-Kangas Tove
245 0 _aBilingualism or not : The education of minorities
260 _aNew Delhi, India
_bOrient Longman Private Limited
_c2007
300 _axxvi,378p.
365 _aINR
_b495
650 _aEducation - Minorities
_9776551
942 _cTEXL
_h371.97, SKU
999 _c1390277
_d1390277